00552cam a22002051 4500001001300000003000400013005001700017008004100034010001700075035001800092040002500110042001200135050001500147100002500162245002800187260002900215300003100244651003200275651003900307sa 65010252 DLC20260227112207.0740626s1965 ii a 000 0 eng  asa 65010252  a(OCoLC)930575 aDLCcOTUdOCoLCdDLC apremarc00aDS451b.M21 aMahajan, Vidya Dhar.10aEarly history of India. aDelhi,bS. Chand,c1965. axi, 422 p.billus.c22 cm. 0aIndiaxHistoryyTo 324 B.C. 0aIndiaxHistoryy324 B.C.-1000 A.D.